000 00431nam a2200181Ia 4500
001 17504
005 20260306171522.0
008 260306s9999||||xx |||||||||||||| ||und||
041 _aESP
082 _a658
_bR71A
100 _aRobbins, Stephen P.
_eAUT
245 0 _aFundamentos de administración
260 _c2017
300 _axix, 506 páginas :
_c27 cm.
650 _aGEN
654 _aCAN
942 _cLIB
_dJUS
_fJUS
_2ddc
_n
999 _c17504
_d17504